000 02722nkm0a2200529 4500
001 RU\NLR\BIBL_A\022755885
005 20260426072929.0
035 _a(NLR Aleph) 022755885
090 _a13693406
_c13693406
100 _a20260317d1914 u y0rusy50 ca
101 0 _arus
102 _aRU
116 _aiiycxx bf ad
135 _acrcn 024anaba
181 0 _ab4
_bxb2e
182 0 _an
200 1 _aПлатки с клеймом
_eТ-во Шлиссельбургской ситценабивной мануфактуры
_e[плакат]
203 _aИзображение
_bнеподвижное
_bдвухмерное
_bвизуальное
_cнепосредственное
210 _aМосква
_cТипо-литография Ф. Г. Кейтель
_d[1914]
215 _a1 л.
_cхромолитогр.
_d68х51,8
300 _aНаверху в название включено изобр. большого ключа - фабр. знак мануфактуры
300 _aНа л. штамп типо-литографии Ф.Г. Кейтель
325 _aКопия доступна в Электрон. б-ке РНБ
327 0 _aИзобр. сцена на рынке: молодые женщины выбирают платки
606 1 _aРекламный плакат русский
_z1868 - 1917
_92200006
_3RU\NLR\AUTH\6601557021
606 1 _aПлатки
_jПлакаты
_91886708
_3RU\NLR\AUTH\66857793
606 1 _aЖенщины
_jПлакаты
_91241659
_3RU\NLR\AUTH\66189982
606 1 _aПавлины
_jПлакаты
_91854930
_3RU\NLR\AUTH\66840830
606 1 _aРынки
_jПлакаты
_91094531
_3RU\NLR\AUTH\66110702
610 0 _aКлючи
686 _aЩ153(2Р=Рус)53-466
702 1 _aКейтель Ф. Г., типо-литография
_cМосква
_4610
711 0 2 _aШлиссельбургская ситценабивная мануфактура
_9815069
_3RU\NLR\AUTH\8810159760
712 0 0 _4610
_aКейтель,
_cМосква
_gФ. Г.,
_hтиполитография
_92705890
_3RU\NLR\AUTH\880641682
830 _aПоступление в РНБ в 1914 г. (помета на об. л.)
852 0 0 _aNLR
_bЭ
_jР.Рус./Торг.10/3
_mЭаф11122
856 0 _uhttps://vivaldi.nlr.ru/la700001818/view
856 1 _uhttps://vivaldi.nlr.ru/la700001818/cover
856 2 _uhttps://vivaldi.nlr.ru/la700001818/text
942 _cVISUAL
980 _aNB
981 1 7 _a(17) Изографические материалы
_b(17) Плакаты